Catholic University of Zimbabwe Library
Online Public Access Catalogue
(OPAC)

Sport under Unexpected Circumstances (Record no. 33517)

MARC details
000 -LEADER
fixed length control field 02394nam a22003737a 4500
001 - CONTROL NUMBER
control field 103603
003 - CONTROL NUMBER IDENTIFIER
control field KnowledgeUnlatched
005 - DATE AND TIME OF LATEST TRANSACTION
control field 20210303105058.0
006 - FIXED-LENGTH DATA ELEMENTS--ADDITIONAL MATERIAL CHARACTERISTICS
fixed length control field m o d
007 - PHYSICAL DESCRIPTION FIXED FIELD--GENERAL INFORMATION
fixed length control field cr u||||||||||
008 - FIXED-LENGTH DATA ELEMENTS--GENERAL INFORMATION
fixed length control field 210129p20182019gw o u00| u eng d
037 ## - SOURCE OF ACQUISITION
Institution to which field applies BiblioBoard
020 ## - INTERNATIONAL STANDARD BOOK NUMBER
International Standard Book Number 9783666310522
029 1# - OTHER SYSTEM CONTROL NUMBER (OCLC)
OCLC library identifier https://library.biblioboard.com/ext/api/media/a7097d89-fc9c-450b-9d80-64465123331f/assets/thumbnail.jpg
040 ## - CATALOGING SOURCE
Original cataloging agency ScCtBLL
Transcribing agency ScCtBLL
245 00 - TITLE STATEMENT
Title Sport under Unexpected Circumstances
Remainder of title Violence, Discipline, and Leisure in Penal and Internment Camps /
Statement of responsibility, etc. Gregor Feindt, Anke Hillbrenner, Dittmar Dahlmann.
264 #1 - PRODUCTION, PUBLICATION, DISTRIBUTION, MANUFACTURE, AND COPYRIGHT NOTICE
Name of producer, publisher, distributor, manufacturer Vandenhoeck & Ruprecht,
300 ## - PHYSICAL DESCRIPTION
Extent 1 online resource (285 p.)
506 0# - RESTRICTIONS ON ACCESS NOTE
Terms governing access Access copy available to the general public.
Standardized terminology for access restriction Unrestricted
Source of term star
520 ## - SUMMARY, ETC.
Summary, etc. Sport was an integral part of life in camps during the twentieth century, even in Nazi concentrations camps or in the Soviet Gulag. Traditionally perceived as a symbol of equality, play, and peacefulness, sport under such unexpected circumstances irritates most observers, back then and today. This volume studies the irritating fact of sport in penal and internment camps as an important insight into the history of camps. The authors enquire into case studies of sport being played in different forms of camps around the globe and throughout the twentieth century. They challenge our understanding of camps, question the dichotomy of insiders and outsiders, inner-camp hierarchies, and the everyday experience of violence. This fresh perspective complements the existing camp studies and gives way for the subjectivity of camp inmates and their action.
588 0# - SOURCE OF DESCRIPTION NOTE
Source of description note Description based on print version record.
590 ## - LOCAL NOTE (RLIN)
Local note KU Open Services
650 #7 - SUBJECT ADDED ENTRY--TOPICAL TERM
Topical term or geographic name entry element History / Europe
Source of heading or term bisacsh
650 #0 - SUBJECT ADDED ENTRY--TOPICAL TERM
Topical term or geographic name entry element History
655 #0 - INDEX TERM--GENRE/FORM
Genre/form data or focus term Electronic books.
700 1# - ADDED ENTRY--PERSONAL NAME
Personal name Feindt, Gregor
Relator term editor.
700 1# - ADDED ENTRY--PERSONAL NAME
Personal name Hillbrenner, Anke
Relator term editor.
700 1# - ADDED ENTRY--PERSONAL NAME
Personal name Dahlmann, Dittmar
Relator term editor.
758 ## -
-- Is found in:
-- Knowledge Unlatched
-- https://openresearchlibrary.org/module/2774bc74-146a-484f-a7ba-ab1d6a09bbfb
856 40 - ELECTRONIC LOCATION AND ACCESS
Uniform Resource Identifier <a href="https://openresearchlibrary.org/content/a7097d89-fc9c-450b-9d80-64465123331f">https://openresearchlibrary.org/content/a7097d89-fc9c-450b-9d80-64465123331f</a>
Public note View this content on Open Research Library.
-- 0
Holdings
Withdrawn status Lost status Source of classification or shelving scheme Damaged status Not for loan Home library Current library Shelving location Date acquired Total Checkouts Date last seen Uniform Resource Identifier Price effective from Koha item type
          Digital Library Digital Library Online Access 03.03.2021   03.03.2021 https://openresearchlibrary.org/content/a7097d89-fc9c-450b-9d80-64465123331f 03.03.2021 eBook

OPENING HOURS

Weekdays: 0815hrs - 1800hrs
Weekends:0900hrs - 1200hrs

Closed for Mass:

Mon, Thur: 1200hrs - 1300hrs
Sunday & Public Holiday’s

CALL SUPPORT

0242-570570, 0242-570169
09200664, +263 8644140602

LOCATION

18443, Cranborne Avenue, Hatfield, Harare

Other Links


©2021 | CUZ Library